Statistics for NBA Best Offensive Teams Ever

Click here to take the quiz!

General Stats

  • This quiz has been taken 53 times
  • The average score is 15 of 20

Answer Stats

RankYearTeam% Correct
161997-1998Los Angeles Lakers
100%
151986-1987Los Angeles Lakers
100%
51996-1997Chicago Bulls
96%
141991-1992Chicago Bulls
96%
81995-1996Chicago Bulls
96%
131987-1988Boston Celtics
87%
201994-1995Orlando Magic
76%
122002-2003Dallas Mavericks
71%
12003-2004Dallas Mavericks
71%
32001-2002Dallas Mavericks
71%
41997-1998Utah Jazz
71%
171996-1997Utah Jazz
71%
62003-2004Sacramento Kings
69%
111970-1971Milwaukee Bucks
67%
22004-2005Phoenix Suns
67%
92006-2007Phoenix Suns
67%
72009-2010Phoenix Suns
67%
181998-1999Indiana Pacers
60%
191997-1998Seattle SuperSonics
56%
101981-1982Denver Nuggets
49%

Score Distribution

Percentile by Number Answered

Percent of People with Each Score

Your Score History

You have not taken this quiz